Организация обслуживания (Запись № 1132881)

Подробности
000 -МАРКЕР
контрольное поле 01760nam0a2200301 4500
001 - ИДЕНТИФИКАТОР ЗАПИСИ
контрольное поле RU\NLR\bibl\1695210
005 - ИДЕНТИФИКАТОР ВЕРСИИ
контрольное поле 20260407094335.0
021 ## - НОМЕР ГОСУДАРСТВЕННОЙ РЕГИСТРАЦИИ
Код страны Российская Федерация
Номер 2010-75604
Номер Листа государственной регистраци 5026
035 ## - ДРУГИЕ СИСТЕМНЫЕ НОМЕРА
Идентификатор записи (NLR Aleph) 001686312
100 ## - ДАННЫЕ ОБЩЕЙ ОБРАБОТКИ
Данные общей обработки 20101108d2010 |||y0rusy50 ca
101 0# - ЯЗЫК РЕСУРСА
Язык текста, звукозаписи и т.д. русский
102 ## - СТРАНА ПУБЛИКАЦИИ ИЛИ ПРОИЗВОДСТВА
Страна публикации Российская Федерация
105 ## - ПОЛЕ КОДИРОВАННЫХ ДАННЫХ: ТЕКСТОВЫЕ МАТЕРИАЛЫ, МОНОГРАФИЧЕСКИЕ
Кодированные данные о монографическом текстовом документе y |||||||||
200 1# - ЗАГЛАВИЕ И СВЕДЕНИЯ ОБ ОТВЕТСТВЕННОСТИ
Основное заглавие Организация обслуживания
Сведения, относящиеся к заглавию учебно-методическое пособие для студентов очной и заочной форм обучения и ФДО специальностей 100103 "Социально-культурный сервис и туризм" и 100201 "Туризм"
Первые сведения об ответственности М-во образования и науки Рос. Федерации, Гос. образоват. учреждение высш. проф. образования "Южно-Рос. гос. ун-т экономики и сервиса" (ГОУ ВПО "ЮРГУЭС")
Последующие сведения об ответственности [сост.: к.э.н., доц. О.С. Мысова]
210 ## - ПУБЛИКАЦИЯ, РАСПРОСТРАНЕНИЕ И ДР.
Место издания, распространения и т.д. Шахты
Имя издателя, распространителя и т. д. ЮРГУЭС
Дата издания, распространения и т.д. 2010
215 ## - ФИЗИЧЕСКАЯ ХАРАКТЕРИСТИКА
Специфическое обозначение материала и объем 43 с.
Размеры 21
320 ## - ПРИМЕЧАНИЯ О НАЛИЧИИ В ДОКУМЕНТЕ БИБЛИОГРАФИИ / УКАЗАТЕЛЯ
Текст примечания Библиогр.: с. 42 (14 назв.)
606 1# - НАИМЕНОВАНИЕ ТЕМЫ КАК ПРЕДМЕТ
Наименование темы Туристы
Формальный подзаголовок Учебно-методические пособия для высших учебных заведений
Тематический подзаголовок Обслуживание
Системный номер авторитетной/нормативной записи 1805569
Идентификатор авторитетной/нормативной записи RU\NLR\auth\66813868
686 ## - ИНДЕКСЫ ДРУГИХ КЛАССИФИКАЦИЙ
Индекс Ч518.14(2)я73
702 #1 - ИМЯ ЛИЦА - ВТОРИЧНАЯ ОТВЕТСТВЕННОСТЬ
Начальный элемент ввода Мысова
Часть имени, кроме начального элемента ввода О. С.
Расширение инициалов личного имени Ольга Сергеевна
Код отношения Составитель
712 02 - НАИМЕНОВАНИЕ ОРГАНИЗАЦИИ - ВТОРИЧНАЯ ОТВЕТСТВЕННОСТЬ
Код отношения Прочие
Начальный элемент ввода Южно-Российский государственный университет экономики и сервиса
Идентифицирующий признак Шахты
Системный номер авторитетной/нормативной записи 333515
Идентификатор авторитетной/нормативной записи RU\NLR\AUTH\889918691
801 #0 - ИСТОЧНИК ЗАПИСИ
Страна Российская Федерация
Организация NLR
Дата составления 20101108
Правила каталогизации RCR
801 #1 - ИСТОЧНИК ЗАПИСИ
Страна Российская Федерация
Организация NLR
Дата составления 20101108
942 ## - ДОПОЛНИТЕЛЬНЫЕ ЭЛЕМЕНТЫ ЗАПИСИ (АБИС)
Тип экземпляра АБИС Книга
980 ## - КОЛЛЕКЦИЯ
Название коллекции Национальная библиография
980 ## - КОЛЛЕКЦИЯ
Название коллекции НБР
Экземпляры
Тип экземпляра Дата поступления Источник поступления Библиотека постоянного хранения Библиотека текущего хранения Место хранения Шифр хранения Штрих-код Статус экземпляра
Книга 08.11.2010 Обязательный экземпляр РНБ (Московский) РНБ (Московский) Русский книжный фонд: издания с 1957 года 2010-4/13572 1-434695  
Книга 08.11.2010 Обязательный экземпляр РНБ (Московский) РНБ (Московский) Русский книжный фонд: издания с 1957 года 2010-4/13572 3284496